La nave.

Saved in:
Bibliographic Details
Main Author: Salvador, Tomas
Format: Book
Language:Spanish
Published: Barcelona : Ediciones Destino, 1959.
Series:Ancora y delfin ; no.165
LEADER 00677nam a22001931 4500
001 c000207739
003 CARM
005 20021125002100.0
008 851211s1959 sp 1 spa d
019 1 |a 4174994  |z 27604381  |5 LACONCORD2021 
035 |a (OCoLC)4059346  |5 LACONCORD2021 
100 1 |a Salvador, Tomas. 
245 1 3 |a La nave. 
260 |a Barcelona :  |b Ediciones Destino,  |c 1959. 
440 0 |a Ancora y delfin ;  |v no.165 
852 8 |b CARM  |h A2:AL15A0  |i A03215  |p 0290264  |f BK 
082 0 4 |a 863.6 
999 f f |i b96b008d-eb1c-54d3-a642-4da998148381  |s cf9cd301-3111-5488-acd3-8751ac0debe3 
952 f f |p Can circulate  |a CAVAL  |b CAVAL  |c CAVAL  |d CARM 1 Store  |e A03215  |f A2:AL15A0  |h Other scheme  |i book  |m 0290264